000 00560nam a2200181 i 4500
001 74742
003 ES-MaACL
005 20250625170239.0
007 t|
008 040920s1966 sp ||||1| spa d
245 0 0 _aEnciclopedia del periodismo /
_cdirección [de] Nicolás González Ruiz.
250 _a4ª ed. rev. y puesta al día.
260 _aBarcelona, etc. :
_bNoguer,
_c[1966]
300 _a730 p., 48 lám. ;
_c25 cm.
700 1 _aGonzález Ruiz, Nicolás,
_d1897-1967
_958946
852 _aES-MaACL
_jC-56564
_bR.89473
999 _c74742
_d74742